| 000 | 00783cam a2200253 a 4500 | ||
|---|---|---|---|
| 001 | 000005496 | ||
| 005 | 20200929151706.0 | ||
| 008 | 930505s1992 sp b 001 p spa | ||
| 020 | _a8437611350 | ||
| 040 |
_aDO-SdBNP _cDLC _dDLC |
||
| 082 |
_a862.6 _bA366d |
||
| 100 | 1 |
_aAleixandre, Vicente, _d1898-1984. _914070 |
|
| 245 | 1 | 0 |
_aDiálogos del conocimiento / _cVicente Aleixandre ; edición, José Mas. |
| 260 |
_aMadrid : _bCátedra, _c1992. |
||
| 300 |
_a223 p. ; _c18 cm. |
||
| 490 | 1 |
_aLetras hispánicas _v358 |
|
| 504 | _aBibliografía: p. 101-103. | ||
| 650 | 4 |
_aTeatro español _93071 |
|
| 650 | 4 |
_aLiteratura española _9632 |
|
| 700 | 1 |
_aMas, José, _eed. _915019 |
|
| 830 | 0 |
_aLetras Hispánicas ; _v358 _94208 |
|
| 910 | _aCatalogación por copia / LC | ||
| 910 | _aWM | ||
| 999 |
_c5295 _d5295 |
||